000 00942cam a2200289Ka 4500
001 41203
005 20230410101710.0
008 051028s200u flug j 000 0 fre d
035 _a(OCoLC)ocm62173639
040 _aDZM
_cDZM
020 _a1584322594 (pbk.) :
_c$ 19.50
035 _a(OCoLC)62173639
041 0 _afrecpf
050 1 4 _a110 ML 3565
_bT585c 2000
100 1 _aTimoun, Chante.
245 1 0 _aChansons d'enfants en Francais et Creole :
_bchildren songs in French and Creole /
_cChante Timoun.
246 3 _aChildren songs in French and Creole
260 _aCoconut Creek, Florida :
_bEduca Vision,
_c[200?].
300 _a147 p. :
_bmusic ;
_c28 cm.
520 _aA collection of children songs many presented with musical notations.
546 _aIn French and Haitian Creole.
650 0 _aChildren's songs.
650 4 _aCEH
650 4 _aColección Estudios Haitianos
942 _2lcc
_cbk
994 _aC0
_bDRFGD
999 _c12314
_d12314